[Event "FAEIJ"]
[Site "SchemingMind.com"]
[Date "2021.05.02"]
[Round "-"]
[White "Derek Price"]
[Black "Greg Magne"]
[Result "1-0"]
[WhiteCountry "ENG"]
[BlackCountry "CAN"]
[WhiteElo "2188"]
[WhiteRD "68"]
[BlackElo "1830"]
[BlackRD "80"]
[GameID "711149"]

1. c4 Nf6 2. g3 g6 3. Bg2 Bg7 4. Nc3 O-O 5. d4 c6 6. Nf3 d5 7. cxd5 cxd5 8. Ne5 Nc6 9. O-O e6 10. Nxc6 bxc6
11. Na4 Nd7 12. Bf4 Qa5 13. Bd6 Re8 14. Rc1 Bb7 15. Re1 Rac8 16. Rc3 e5 17. Ra3 exd4 18. Nc5 Qxc5 19. Bxc5 Nxc5 20. Rxa7 Rc7
21. a4 Rce7 22. b4 Ne4 23. Bxe4 dxe4 24. a5 Bc8 25. Rxe7 Rxe7 26. Qc2 Bd7 27. a6 Be8 28. Qc5
1-0

[Event "FAEIJ"]
[Site "SchemingMind.com"]
[Date "2021.05.02"]
[Round "-"]
[White "Greg Magne"]
[Black "grabapawn"]
[Result "1-0"]
[WhiteCountry "CAN"]
[BlackCountry "USA"]
[WhiteElo "1830"]
[WhiteRD "80"]
[BlackElo "1454"]
[BlackRD "58"]
[GameID "711150"]

1. e4 d6 2. d4 Nf6 3. Bd3 Nbd7 4. c4 e5 5. d5 Be7 6. Nc3 c6 7. f4 Nf8 8. fxe5 dxe5 9. Nf3 Qc7 10. Bg5 Ng6
11. O-O h6 12. Be3 Ng4 13. Qe2 Nf4 14. Bxf4 exf4 15. e5 Bc5+ 16. Kh1 Qb6 17. e6 Nf2+ 18. Rxf2 Bxf2 19. exf7+ Kxf7 20. Ne5+
1-0

[Event "FAEIJ"]
[Site "SchemingMind.com"]
[Date "2021.05.02"]
[Round "-"]
[White "Greg Magne"]
[Black "Martin E. Hardwick"]
[Result "1-0"]
[WhiteCountry "CAN"]
[BlackCountry "ENG"]
[WhiteElo "1830"]
[WhiteRD "80"]
[BlackElo "1244"]
[BlackRD "63"]
[GameID "711151"]

1. e4 e5 2. Nf3 Nc6 3. Bb5 d6 4. d4 Bd7 5. Nc3 Nge7 6. d5 Nb8 7. h3 a6 8. Be2 c6 9. Bg5 cxd5 10. Nxd5 Qa5+
11. b4 Qd8 12. O-O Nbc6 13. Qd2 f6 14. Bh4 Nxd5 15. exd5 Nd4 16. Nxd4 exd4 17. Qxd4 Be7 18. Bh5+ g6 19. Rfe1 O-O 20. Bf3 g5
21. Bg3 Re8 22. Re2 Bb5 23. c4 Bd7 24. Rae1 a5 25. c5 dxc5 26. bxc5 Bb5 27. Re3 a4 28. Bh5 a3 29. Bxe8 Bxe8 30. Rxe7 Kf8
31. Qxf6+ Kg8 32. Qg7#
1-0

[Event "FAEIJ"]
[Site "SchemingMind.com"]
[Date "2021.05.02"]
[Round "-"]
[White "Greg Magne"]
[Black "Phillip Beckett"]
[Result "1-0"]
[WhiteCountry "CAN"]
[BlackCountry "ENG"]
[WhiteElo "1830"]
[WhiteRD "80"]
[BlackElo "1513"]
[BlackRD "54"]
[GameID "711152"]

1. d4 d5 2. c4 e6 3. Nc3 Nf6 4. Bg5 Be7 5. e3 h6 6. Bh4 O-O 7. Nf3 Ne4 8. Bxe7 Qxe7 9. Qc2 Nxc3 10. bxc3 c6
11. Be2 Nd7 12. O-O dxc4 13. Bxc4 e5 14. dxe5 Nxe5 15. Nxe5 Qxe5 16. Rad1 Bf5 17. Bd3 Bxd3 18. Qxd3 Rad8 19. Qxd8 Rxd8 20. Rxd8+ Kh7
21. Rd7 Qxc3 22. Rxb7 a5 23. Rxf7 Qc4 24. Rc7 Qxa2 25. Rxc6 a4 26. Rcc1 a3 27. Ra1 Qb2 28. Rfb1 Qe2 29. Rxa3 Qc2 30. Rab3 Qe2
31. h3 Qc4 32. Rb7 Qe4 33. R1b4 Qd5 34. Ra7 Qc5 35. Rbb7
1-0

[Event "FAEIJ"]
[Site "SchemingMind.com"]
[Date "2021.05.07"]
[Round "-"]
[White "Helga1946"]
[Black "Greg Magne"]
[Result "1-0"]
[WhiteCountry "GER"]
[BlackCountry "CAN"]
[WhiteElo "2282"]
[WhiteRD "69"]
[BlackElo "1807"]
[BlackRD "83"]
[GameID "711153"]

1. c4 Nf6 2. d4 g6 3. Nc3 Bg7 4. e4 d6 5. Nf3 O-O 6. Be2 Nc6 7. d5 Ne5 8. Nxe5 dxe5 9. O-O c6 10. Be3 cxd5
11. exd5 b6 12. Rc1 Bb7 13. b4 Rc8 14. Qa4 a6 15. Rfd1 Qc7 16. c5 bxc5 17. bxc5 a5 18. c6 Ba8 19. Nb5 Qd8 20. Na7
1-0

[Event "FAEIJ"]
[Site "SchemingMind.com"]
[Date "2021.05.02"]
[Round "-"]
[White "JAHI"]
[Black "Greg Magne"]
[Result "1-0"]
[WhiteCountry "INT"]
[BlackCountry "CAN"]
[WhiteElo "2052"]
[WhiteRD "72"]
[BlackElo "1807"]
[BlackRD "83"]
[GameID "711154"]

1. c3 e5 2. c4 f5 3. Nc3 Nf6 4. d3 c6 5. Bg5 Be7 6. Bxf6 Bxf6 7. e3 O-O 8. Be2 d5 9. cxd5 cxd5 10. Qb3 Be6
11. Qxb7 Nd7 12. Qc6 Qb6 13. Qxb6 Nxb6 14. Nf3 Rfc8 15. d4 e4 16. Nd2 Rc7 17. f3 Rac8 18. Kf2 f4 19. fxe4 fxe3+ 20. Kxe3 Bg5+
21. Kd3 g6 22. exd5 Nxd5 23. Nxd5 Bxd5 24. Bg4 Rb8 25. b3 Bxg2 26. Be6+ Kg7 27. Rhg1 Bxd2 28. Kxd2 Be4 29. Rac1 Rbb7 30. Rc5 Kf6
31. Bc4 Rd7 32. Kc3 Rb6 33. Re1 Rbd6 34. Rxe4 h6 35. d5
1-0

[Event "FAEIJ"]
[Site "SchemingMind.com"]
[Date "2021.05.02"]
[Round "-"]
[White "Greg Magne"]
[Black "Kenny Elliott"]
[Result "1-0"]
[WhiteCountry "CAN"]
[BlackCountry "USA"]
[WhiteElo "1830"]
[WhiteRD "80"]
[BlackElo "1553"]
[BlackRD "61"]
[GameID "711155"]

1. d4 d5 2. c4 c6 3. Nc3 dxc4 4. e4 e6 5. Bxc4 Bb4 6. Ne2 Nf6 7. a3 Bxc3+ 8. Nxc3 O-O 9. f3 Nbd7 10. Bg5 b5
11. Bd3 Qb6 12. Bc2 Ba6 13. Be3 Qb7 14. O-O b4 15. axb4 Bxf1 16. Qxf1 c5 17. dxc5 Qxb4 18. Na4 Rfc8 19. Qd3 Rab8 20. f4 Rb5
21. e5 Nxc5 22. Nxc5 Qxb2 23. Rb1
1-0

[Event "FAEIJ"]
[Site "SchemingMind.com"]
[Date "2021.05.02"]
[Round "-"]
[White "Kenny Elliott"]
[Black "Derek Price"]
[Result "0-1"]
[WhiteCountry "USA"]
[BlackCountry "ENG"]
[WhiteElo "1553"]
[WhiteRD "61"]
[BlackElo "2188"]
[BlackRD "68"]
[GameID "711156"]

1. d4 d5 2. c4 c6 3. Nc3 Nf6 4. e3 e6 5. Nf3 Nbd7 6. cxd5 exd5 7. Bd3 Bd6 8. O-O O-O 9. Re1 Re8 10. e4 dxe4
11. Nxe4 Nxe4 12. Bxe4 Nf6 13. Bg5 Be6 14. a3 h6 15. Bh4 g5 16. Bxg5 hxg5 17. Nxg5 Bxh2+ 18. Kxh2 Ng4+ 19. Kg1 Qxg5 20. Qc2 Qh4
21. f3 Qh2+ 22. Kf1 f5 23. fxg4 fxe4 24. Qxe4 Bc4+ 25. Kf2 Rxe4 26. Rxe4 Rf8+ 27. Ke3 Qxg2 28. Re5 Qe2#
0-1

[Event "FAEIJ"]
[Site "SchemingMind.com"]
[Date "2021.05.02"]
[Round "-"]
[White "grabapawn"]
[Black "Kenny Elliott"]
[Result "1-0"]
[WhiteCountry "USA"]
[BlackCountry "USA"]
[WhiteElo "1477"]
[WhiteRD "62"]
[BlackElo "1547"]
[BlackRD "65"]
[GameID "711157"]

1. f4 d5 2. e3 g6 3. g4 Bg7 4. Nc3 e6 5. Nf3 Nc6 6. Bg2 Nge7 7. d3 e5 8. e4 Bxg4 9. h3 dxe4 10. dxe4 Qxd1+
11. Kxd1 Nd4 12. hxg4 Nxf3 13. Bxf3 Rd8+ 14. Ke2 O-O 15. f5 a6 16. Bg5 f6 17. Bh6 Bxh6 18. Rxh6 Kg7 19. Rah1 Rh8 20. Nd5 Nxd5
21. exd5 Rde8 22. Be4 b5 23. fxg6 hxg6 24. Rxh8 Rxh8 25. Rxh8 Kxh8 26. Bxg6 Kg7 27. Bf5 Kf7 28. Bc8 a5 29. Kf3 Ke7 30. Ke4 Kd6
31. Bb7 Kc5 32. Kd3 Kd6 33. Bc6 b4 34. b3 Kc5 35. Ke4 Kd6 36. Kd3 Kc5 37. c3 bxc3 38. Kxc3 Kd6 39. Kd3 Kc5 40. a3 Kd6
41. b4 a4 42. Ke4 Ke7 43. b5 Kd6 44. Bb7 Kc5 45. Bc6 Kc4 46. b6 cxb6 47. Bxa4 b5 48. d6 bxa4 49. d7 Kb3 50. d8=Q Kxa3
51. Qb6
1-0

[Event "FAEIJ"]
[Site "SchemingMind.com"]
[Date "2021.05.03"]
[Round "-"]
[White "Martin E. Hardwick"]
[Black "Kenny Elliott"]
[Result "0-1"]
[WhiteCountry "ENG"]
[BlackCountry "USA"]
[WhiteElo "1229"]
[WhiteRD "72"]
[BlackElo "1538"]
[BlackRD "68"]
[GameID "711158"]

1. d4 d5 2. Nf3 Nf6 3. Nc3 g6 4. e3 Bg7 5. Bb5+ Bd7 6. Qe2 O-O 7. Bxd7 Nbxd7 8. O-O a6 9. e4 dxe4 10. Nxe4 b5
11. Nxf6+ Bxf6 12. Rd1 Qc8 13. c3 Nb6 14. b3 Nd5 15. Bb2 c6 16. Rab1 Qc7 17. g3 a5 18. a3 c5 19. c4 bxc4 20. Qxc4 Nb6
21. Qxc5 Qxc5 22. dxc5 Bxb2 23. Rxb2 Nc8 24. b4 axb4 25. axb4 Ra3 26. Kg2 e6 27. Rdd2 Ne7 28. b5 Nd5 29. b6 Rc3 30. b7 Rb8
31. c6 Rxc6 32. Nd4 Rc7 33. Rb5 Rcxb7 34. Rxb7 Rxb7 35. Rc2 Kg7 36. Nf3 Rc7 37. Rb2 Kf6 38. h3 h5 39. h4 Rc4 40. Kh3 e5
41. Nd2 Rb4 42. Rb1 Rxb1 43. Nxb1 Ke6 44. Nd2 f5 45. Kg2 Kf6 46. Kf3 g5 47. hxg5+ Kxg5 48. Kg2 f4 49. Kh3 fxg3 50. Kxg3 h4+
51. Kh3 Nf4+ 52. Kh2 Kf5 53. Nf3 h3 54. Ng1 Kg4 55. f3+ Kh4 56. Nxh3 Nxh3 57. Kg2 Nf4+ 58. Kf2 Nd5 59. Ke2 Kg3 60. Kd3 Kxf3
61. Kc4 Nf4 62. Kc3 e4 63. Kd2 e3+ 64. Ke1 Ng2+ 65. Kf1 e2+ 66. Kg1 e1=Q+ 67. Kh2 Ne3 68. Kh3 Qg3#
0-1

[Event "FAEIJ"]
[Site "SchemingMind.com"]
[Date "2021.05.02"]
[Round "-"]
[White "Phillip Beckett"]
[Black "Kenny Elliott"]
[Result "1-0"]
[WhiteCountry "ENG"]
[BlackCountry "USA"]
[WhiteElo "1513"]
[WhiteRD "54"]
[BlackElo "1553"]
[BlackRD "61"]
[GameID "711159"]

1. e4 c5 2. Nf3 d6 3. d4 cxd4 4. Nxd4 e5 5. Nb5 a6 6. N5c3 Nf6 7. Bg5 Be7 8. Bxf6 Bxf6 9. Nd5 O-O 10. Nbc3 b5
11. Nxf6+ Qxf6 12. Nd5 Qg6 13. Ne7+
1-0

[Event "FAEIJ"]
[Site "SchemingMind.com"]
[Date "2021.05.07"]
[Round "-"]
[White "Kenny Elliott"]
[Black "Helga1946"]
[Result "0-1"]
[WhiteCountry "USA"]
[BlackCountry "GER"]
[WhiteElo "1547"]
[WhiteRD "65"]
[BlackElo "2282"]
[BlackRD "69"]
[GameID "711160"]

1. d4 d5 2. c4 e6 3. Nf3 c5 4. Nc3 Nc6 5. Bf4 cxd4 6. cxd5 dxc3 7. dxc6 Qxd1+ 8. Rxd1 cxb2 9. c7 Bb4+ 10. Nd2 Bc3
11. e4 Bd7 12. Bd3 e5 13. Be3 Rc8 14. O-O Rxc7 15. Bc4 Bxd2 16. Bxf7+ Kxf7 17. Bxd2 Bb5 18. Rb1 Bxf1 19. Kxf1 Rc2 20. Ke1 Ne7
21. Kd1 Rhc8 22. Be3 R8c4
0-1

[Event "FAEIJ"]
[Site "SchemingMind.com"]
[Date "2021.05.02"]
[Round "-"]
[White "Kenny Elliott"]
[Black "JAHI"]
[Result "0-1"]
[WhiteCountry "USA"]
[BlackCountry "INT"]
[WhiteElo "1538"]
[WhiteRD "68"]
[BlackElo "2019"]
[BlackRD "72"]
[GameID "711161"]

1. d4 d6 2. e4 g6 3. Nf3 Bg4 4. Be2 Bxf3 5. Bxf3 Bg7 6. e5 Qc8 7. Bf4 Nd7 8. exd6 cxd6 9. c3 Kf8 10. O-O h6
11. h4 h5 12. Qb3 Rb8 13. Nd2 Nh6 14. Rae1 Nf5 15. g3 Bh6 16. Bxh6+ Rxh6 17. Re2 a6 18. Rfe1 e6 19. d5 e5 20. Ne4 Kg8
21. Ng5 Nf8 22. Ne4 Kg7 23. c4 Nd4 24. Nxd6 Nxb3 25. Nxc8 Nd4 26. Re3 Rxc8 27. b3 Nc2 28. Rxe5 Nxe1 29. Rxe1 Kf6 30. d6 b6
31. Rd1 Rb8 32. d7 Ke7 33. d8=Q+ Rxd8 34. Re1+ Ne6 35. Bd5 Kf6 36. Kf1 Nc7 37. Bg2 Rhh8 38. Rc1 Rd2 39. a4 Rhd8 40. Bf3 Rb2
41. c5 bxc5 42. Rxc5 Rdd2 43. Rxc7 Rxf2+ 44. Kg1 Rxf3 45. Rc6+ Kf5 46. Rxa6 Rc3 47. a5 Rc1#
0-1

[Event "FAEIJ"]
[Site "SchemingMind.com"]
[Date "2021.05.02"]
[Round "-"]
[White "Martin E. Hardwick"]
[Black "Derek Price"]
[Result "0-1"]
[WhiteCountry "ENG"]
[BlackCountry "ENG"]
[WhiteElo "1244"]
[WhiteRD "63"]
[BlackElo "2188"]
[BlackRD "68"]
[GameID "711162"]

1. d4 d5 2. Nf3 Nf6 3. Nc3 e6 4. a3 Be7 5. Bg5 Nbd7 6. e4 Nxe4 7. Bxe7 Qxe7 8. Nxe4 dxe4 9. Ne5 Nxe5 10. dxe5 Qc5
11. Be2 Qxe5 12. O-O Qxb2 13. Qc1 Qxc1 14. Rfxc1 Bd7 15. Rd1 O-O-O 16. c4 Bc6 17. Rxd8+ Rxd8 18. Rd1 Rxd1+ 19. Bxd1 Kd7 20. Bb3 Kd6
21. Kf1 Kc5 22. Ke2 Kd4 23. Kd2 e5 24. h3 f5 25. h4 f4 26. h5 e3+ 27. fxe3+ fxe3+ 28. Ke2 Bxg2 29. a4 Bh3 30. a5 Bg4+
31. Ke1 Bxh5
0-1

[Event "FAEIJ"]
[Site "SchemingMind.com"]
[Date "2021.05.02"]
[Round "-"]
[White "Derek Price"]
[Black "grabapawn"]
[Result "1-0"]
[WhiteCountry "ENG"]
[BlackCountry "USA"]
[WhiteElo "2188"]
[WhiteRD "68"]
[BlackElo "1454"]
[BlackRD "58"]
[GameID "711163"]

1. c4 f5 2. g3 Nf6 3. Bg2 e6 4. Nc3 Be7 5. Nf3 O-O 6. O-O Nc6 7. d4 Qe8 8. d5 Na5 9. Qd3 Qh5 10. Nb5 Ng4
11. Nxc7 e5 12. d6 Bf6 13. Qd5+ Kh8 14. h3 Rb8 15. hxg4 fxg4 16. Qxa5 gxf3 17. Bxf3 Qg6 18. Qxa7 e4 19. Bg2 Be5 20. c5 Bxg3
21. fxg3 Rxf1+ 22. Kxf1 Qf6+ 23. Kg1 h6 24. Qxb8 Qd4+ 25. Kh2 Qxc5 26. Qxc8+ Kh7 27. Bxe4+ g6 28. Qxd7+ Kg8 29. Qe8+
1-0

[Event "FAEIJ"]
[Site "SchemingMind.com"]
[Date "2021.05.02"]
[Round "-"]
[White "grabapawn"]
[Black "Martin E. Hardwick"]
[Result "1-0"]
[WhiteCountry "USA"]
[BlackCountry "ENG"]
[WhiteElo "1454"]
[WhiteRD "58"]
[BlackElo "1244"]
[BlackRD "63"]
[GameID "711164"]

1. f4 Nf6 2. Nc3 d5 3. d4 e6 4. Nf3 Be7 5. Bd2 Bd7 6. Ne5 Ne4 7. Nxe4 dxe4 8. e3 O-O 9. Be2 Nc6 10. g3 Nxe5
11. dxe5 f6 12. Bc3 Bc6 13. g4 Qxd1+ 14. Rxd1 Rad8 15. Bc4 Rxd1+ 16. Kxd1 Rd8+ 17. Ke2 Bd5 18. Bxd5 Rxd5 19. exf6 Bxf6 20. Bxf6 gxf6
21. h4 h6 22. b3 a5 23. a4 c6 24. Rd1 Rxd1 25. Kxd1 Kf7 26. Kd2 b5 27. Kc3 c5 28. axb5 Ke7 29. Kc4 Kd6 30. c3 f5
31. g5 hxg5 32. fxg5
1-0

[Event "FAEIJ"]
[Site "SchemingMind.com"]
[Date "2021.05.02"]
[Round "-"]
[White "grabapawn"]
[Black "Phillip Beckett"]
[Result "1-0"]
[WhiteCountry "USA"]
[BlackCountry "ENG"]
[WhiteElo "1477"]
[WhiteRD "62"]
[BlackElo "1486"]
[BlackRD "56"]
[GameID "711165"]

1. f4 e5 2. fxe5 d6 3. Nf3 Nc6 4. d4 dxe5 5. e3 exd4 6. Bb5 dxe3 7. Bxc6+ bxc6 8. Qxd8+ Kxd8 9. Bxe3 Bd6 10. Ng5 Nh6
11. O-O Be6 12. Nxe6+ fxe6 13. Bg5+ Be7 14. Rd1+ Ke8 15. Bxe7 Kxe7 16. Nc3 Rad8 17. Ne4 Nf5 18. Re1 Nd4 19. Rac1 Rhf8 20. Ng5 h6
21. Ne4 Nf5 22. Nc5 Rd6 23. Re4 Rfd8 24. Nb7 Rd1+ 25. Rxd1 Rxd1+ 26. Kf2 Rd2+ 27. Re2 Rxe2+ 28. Kxe2 Nd4+ 29. Kd3 Nf5 30. g3 Nd6
31. Nc5 Nb5 32. a4 Nd6 33. b3 Nf7 34. h4 Ne5+ 35. Ke2 Ng4 36. Kf3 Ne5+ 37. Kf4 Kf6 38. h5 g5+ 39. Ke4 Ng4 40. Nd7+ Ke7
41. Ne5 Nf6+ 42. Kf3 c5 43. Nc6+ Kd6 44. Nxa7 c6 45. Nc8+ Kc7 46. Ne7 Nd5 47. Ng8 Nb4 48. c3 Na2 49. Nxh6 Nxc3 50. Ng4
1-0

[Event "FAEIJ"]
[Site "SchemingMind.com"]
[Date "2021.05.07"]
[Round "-"]
[White "Helga1946"]
[Black "grabapawn"]
[Result "1-0"]
[WhiteCountry "GER"]
[BlackCountry "USA"]
[WhiteElo "2292"]
[WhiteRD "68"]
[BlackElo "1454"]
[BlackRD "58"]
[GameID "711166"]

1. c4 f5 2. Nf3 b6 3. g3 Bb7 4. d4 Nf6 5. Bg2 d6 6. d5 c6 7. Nc3 Nbd7 8. Nd4 Nc5 9. dxc6 Rb8 10. cxb7 Qc7
11. Ncb5 Qd7 12. Bc6 Qxc6 13. Nxc6 Rxb7 14. b4 Nce4 15. f3
1-0

[Event "FAEIJ"]
[Site "SchemingMind.com"]
[Date "2021.05.02"]
[Round "-"]
[White "Greg Magne"]
[Black "Gilligan"]
[Result "1-0"]
[WhiteCountry "CAN"]
[BlackCountry "USA"]
[WhiteElo "1830"]
[WhiteRD "80"]
[BlackElo "1706"]
[BlackRD "56"]
[GameID "711167"]

1. e4 e5 2. Nf3 Nc6 3. Bb5 a6 4. Ba4 b5 5. Bb3 Nf6 6. c3 Bc5 7. O-O O-O 8. h3 d6 9. Re1 Bb7 10. d4 exd4
11. cxd4 Nxd4 12. Nxd4 Nxe4 13. Be3 Qf6 14. Nc3 Qg6 15. Qg4 Qxg4 16. hxg4 Nxc3 17. bxc3 Ba7 18. Nf5 Bb8 19. Bf4 Ba7 20. Re7 Rac8
21. Rae1 Kh8 22. Bxd6 cxd6 23. Rxb7 Bb8 24. Rxf7 Rxf7 25. Bxf7 Rf8 26. Nd4 h6 27. Bg6 Ba7 28. Re8 Rxe8 29. Bxe8 Kg8 30. Bc6 Kf7
31. Bb7 Bxd4 32. cxd4 a5 33. f4 Kf6 34. Kf2 g6 35. Ke3 b4 36. Kd3 a4 37. Kc4 b3 38. axb3 a3 39. Kc3 Ke6 40. b4 d5
41. b5 Kd6 42. Kb3
1-0

[Event "FAEIJ"]
[Site "SchemingMind.com"]
[Date "2021.05.03"]
[Round "-"]
[White "Gilligan"]
[Black "Kenny Elliott"]
[Result "1-0"]
[WhiteCountry "USA"]
[BlackCountry "USA"]
[WhiteElo "1723"]
[WhiteRD "58"]
[BlackElo "1547"]
[BlackRD "65"]
[GameID "711168"]

1. e4 c5 2. Nf3 d6 3. d4 cxd4 4. Nxd4 Nf6 5. Nc3 Bd7 6. Be3 e5 7. Nb3 Be7 8. Bd3 Nc6 9. Qd2 O-O 10. O-O-O a6
11. h3 Qc7 12. Nd5 Nxd5 13. exd5 Na7 14. g4 Nc8 15. f4 exf4 16. Bxf4 Qd8 17. g5 g6 18. h4 b5 19. Na5 Qc7 20. b4 Nb6
21. h5 Bg4 22. Rdg1 Bxh5 23. Be4 Nc4 24. Nxc4 Qxc4 25. Kb2 Qxe4 26. Re1 Qf5 27. Rxe7 Rac8 28. Bxd6 Qf3 29. Rhe1 Rfd8 30. Qd4 Qg2
31. Bc5 Qxg5 32. d6 Rf8 33. d7 Bg4 34. dxc8=Q Rxc8 35. Re8+ Rxe8 36. Rxe8#
1-0

[Event "FAEIJ"]
[Site "SchemingMind.com"]
[Date "2021.05.02"]
[Round "-"]
[White "Gilligan"]
[Black "Derek Price"]
[Result "0-1"]
[WhiteCountry "USA"]
[BlackCountry "ENG"]
[WhiteElo "1706"]
[WhiteRD "56"]
[BlackElo "2188"]
[BlackRD "68"]
[GameID "711169"]

1. e4 c5 2. Nf3 d6 3. b3 Nf6 4. Nc3 g6 5. Bb2 Bg7 6. d3 O-O 7. Be2 Nc6 8. O-O Nh5 9. Rb1 Nf4 10. Nd5 Nxd5
11. exd5 Nb4 12. c4 Nxa2 13. Bxg7 Kxg7 14. Qd2 Nb4 15. h4 e5 16. dxe6 Bxe6 17. d4 Qf6 18. dxc5 dxc5 19. g3 Bf5 20. Rb2 Rad8
21. Qc1 Nd3 22. Bxd3 Bxd3 23. Kg2 Bxf1+ 24. Kxf1 Qxf3
0-1

[Event "FAEIJ"]
[Site "SchemingMind.com"]
[Date "2021.05.02"]
[Round "-"]
[White "grabapawn"]
[Black "Gilligan"]
[Result "0-1"]
[WhiteCountry "USA"]
[BlackCountry "USA"]
[WhiteElo "1454"]
[WhiteRD "58"]
[BlackElo "1706"]
[BlackRD "56"]
[GameID "711170"]

1. f4 d5 2. Nf3 e6 3. b3 Bc5 4. Bb2 Nf6 5. e3 O-O 6. Bd3 Nbd7 7. O-O c6 8. Nc3 Re8 9. Kh1 Bd6 10. Ng5 h6
11. Rf3 hxg5 12. Rh3 gxf4 13. Nxd5 e5 14. Nxf6+ Nxf6 15. Rh4 e4 16. Be2 Be5 17. Bxe5 Rxe5 18. exf4 Re8 19. Qe1 a6 20. d3 exd3
21. cxd3 b5 22. Qd2 Nd5 23. g3 Bb7 24. Kg1 Rb8 25. Re1 Nf6 26. f5 c5 27. b4 Qd5
0-1

[Event "FAEIJ"]
[Site "SchemingMind.com"]
[Date "2021.05.02"]
[Round "-"]
[White "Martin E. Hardwick"]
[Black "Gilligan"]
[Result "0-1"]
[WhiteCountry "ENG"]
[BlackCountry "USA"]
[WhiteElo "1244"]
[WhiteRD "63"]
[BlackElo "1706"]
[BlackRD "56"]
[GameID "711171"]

1. d4 d5 2. Nf3 e6 3. a3 Nf6 4. Bg5 c5 5. e3 Be7 6. Bb5+ Bd7 7. Bxd7+ Nbxd7 8. O-O O-O 9. Nbd2 h6 10. Bxf6 Nxf6
11. Re1 Rc8 12. Rc1 cxd4 13. Nxd4 a6 14. N4f3 Bd6 15. e4 dxe4 16. Nxe4 Nxe4 17. Rxe4 b5 18. Rd4 Rc6 19. Qd2 Qc7 20. Rd1 Rd8
21. Rc1 f6 22. Rh4 Bxh2+ 23. Nxh2 Rxd2 24. Nf3 Rdxc2 25. Rxc2 Rxc2 26. Rd4 Rc1+ 27. Rd1 Rxd1+ 28. Ne1 Rxe1#
0-1

[Event "FAEIJ"]
[Site "SchemingMind.com"]
[Date "2021.05.02"]
[Round "-"]
[White "Phillip Beckett"]
[Black "Gilligan"]
[Result "0-1"]
[WhiteCountry "ENG"]
[BlackCountry "USA"]
[WhiteElo "1486"]
[WhiteRD "56"]
[BlackElo "1723"]
[BlackRD "58"]
[GameID "711172"]

1. e4 e5 2. Nf3 Nc6 3. Bc4 Nf6 4. Ng5 d5 5. exd5 Na5 6. Bb5+ c6 7. dxc6 bxc6 8. Be2 c5 9. Bb5+ Bd7 10. Qe2 Qe7
11. Bxd7+ Nxd7 12. Nf3 Qe6 13. d3 f6 14. O-O Bd6 15. Nc3 O-O 16. Bd2 a6 17. Ne4 Bc7 18. Ng3 Nc6 19. Ne4 Nd4 20. Nxd4 cxd4
21. f4 Qc6 22. Be1 exf4 23. Bb4 Rfe8 24. Qf2 h6 25. c4 dxc3 26. Bxc3 f5 27. Nd2 Nf6 28. Qf3 Qb6+ 29. Kh1 Ng4 30. h3 Ne3
31. Rf2 Qd6 32. Nc4 Qg6 33. Bd2 Nxc4 34. dxc4 Qe6 35. Bxf4 Bxf4 36. Qxf4 Rf8 37. b3 g5 38. Qd4 Rad8 39. Qa7 Rf7 40. Qc5 f4
41. Raf1 Kh7 42. Kh2 Kg6 43. g3 fxg3+ 44. Kxg3 Rd3+ 45. Kg2 Qxh3+ 46. Kg1 Rg3+ 47. Rg2 Qxg2#
0-1

[Event "FAEIJ"]
[Site "SchemingMind.com"]
[Date "2021.05.07"]
[Round "-"]
[White "Gilligan"]
[Black "Helga1946"]
[Result "0-1"]
[WhiteCountry "USA"]
[BlackCountry "GER"]
[WhiteElo "1742"]
[WhiteRD "54"]
[BlackElo "2222"]
[BlackRD "69"]
[GameID "711173"]

1. e4 e5 2. Nf3 Nc6 3. Bc4 Nf6 4. c3 Nxe4 5. d4 d5 6. Bb5 exd4 7. Nxd4 Bd7 8. O-O Nxd4 9. Bxd7+ Qxd7 10. Qxd4 Bc5
11. Qe5+ Qe6 12. Qxc7 Bb6 13. Qf4 g5 14. Qf3 Nxf2 15. Bxg5 Ne4+ 16. Be3 Ng5 17. Qg3 Qxe3+ 18. Qxe3+ Bxe3+ 19. Kh1 Ne4 20. g3 O-O-O
21. Na3 h5 22. Kg2 h4 23. Rxf7 h3+ 24. Kf3 Ng5+ 25. Kxe3 Nxf7
0-1

[Event "FAEIJ"]
[Site "SchemingMind.com"]
[Date "2021.05.02"]
[Round "-"]
[White "Gilligan"]
[Black "JAHI"]
[Result "1/2-1/2"]
[WhiteCountry "USA"]
[BlackCountry "INT"]
[WhiteElo "1723"]
[WhiteRD "58"]
[BlackElo "2052"]
[BlackRD "72"]
[GameID "711174"]

1. e4 d6 2. d4 g6 3. Nf3 Bg4 4. Be2 Bxf3 5. Bxf3 Bg7 6. c3 Nd7 7. O-O e6 8. Re1 Ne7 9. Be3 Kf8 10. Nd2 Kg8
11. Be2 Nf8 12. Nf3 Qd7 13. Rc1 Re8 14. Bd3 f6 15. Bc2 f5 16. d5 exd5=
1/2-1/2

[Event "FAEIJ"]
[Site "SchemingMind.com"]
[Date "2021.05.02"]
[Round "-"]
[White "David Connolly"]
[Black "Gilligan"]
[Result "1-0"]
[WhiteCountry "WLS"]
[BlackCountry "USA"]
[WhiteElo "1994"]
[WhiteRD "69"]
[BlackElo "1723"]
[BlackRD "58"]
[GameID "711175"]

1. d4 d5 2. c4 e6 3. Nc3 Nf6 4. Bg5 Nbd7 5. e3 dxc4 6. Bxc4 Be7 7. Nf3 O-O 8. O-O b6 9. e4 Bb7 10. Qd3 c5
11. d5 exd5 12. exd5 h6 13. Bxh6 Bd6 14. Bg5 Ne5 15. Nxe5 Bxe5 16. Rfe1 Bxc3 17. Qxc3 Qd6 18. Bxf6 Qxf6 19. Qxf6 gxf6 20. Re7 Bc8
21. d6 Be6 22. Bxe6 fxe6 23. Rxe6 Rad8 24. f4 c4 25. f5 b5 26. Rd1 Rf7 27. Kf2 Kf8 28. Ke3 a5 29. Kd4 Rc8 30. h4 Kg7
31. Rde1 Kh6 32. g4 b4 33. g5+ Kg7 34. g6 Rff8 35. Re7+ Kg8 36. h5 a4 37. h6 c3 38. h7+ Kh8 39. g7+ Kxh7 40. gxf8=Q#
1-0

[Event "FAEIJ"]
[Site "SchemingMind.com"]
[Date "2021.05.02"]
[Round "-"]
[White "LockettJ"]
[Black "Gilligan"]
[Result "1-0"]
[WhiteCountry "ENG"]
[BlackCountry "USA"]
[WhiteElo "2009"]
[WhiteRD "118"]
[BlackElo "1723"]
[BlackRD "58"]
[GameID "711176"]

1. c4 e5 2. g3 Nf6 3. Bg2 Be7 4. Nc3 c6 5. d4 exd4 6. Qxd4 O-O 7. e4 d6 8. Nge2 Nbd7 9. O-O h6 10. b3 b6
11. h3 Bb7 12. Bb2 Qc7 13. Qd2 Rab8 14. Nd4 d5 15. exd5 cxd5 16. Ncb5 Qd8 17. Nxa7 Ne4 18. Qc2 Ndf6 19. Nac6 Bxc6 20. Nxc6 Qc7
21. Nxb8 Rxb8 22. Rac1 Bc5 23. cxd5 Nxg3 24. Bxf6 gxf6 25. b4 Nxf1 26. Kxf1 Rc8 27. Qf5 Qd6 28. Qxc8+
1-0

[Event "FAEIJ"]
[Site "SchemingMind.com"]
[Date "2021.05.03"]
[Round "-"]
[White "Derek Price"]
[Black "Phillip Beckett"]
[Result "1-0"]
[WhiteCountry "ENG"]
[BlackCountry "ENG"]
[WhiteElo "2188"]
[WhiteRD "68"]
[BlackElo "1513"]
[BlackRD "54"]
[GameID "711177"]

1. c4 e5 2. Nc3 Nf6 3. Nf3 Nc6 4. g3 Be7 5. Bg2 d6 6. O-O O-O 7. d3 h6 8. Rb1 Bg4 9. Nd5 Nxd5 10. cxd5 Nd4
11. Nxd4 exd4 12. Bd2 Bg5 13. Re1 Bxd2 14. Qxd2 Qd7 15. Rbc1 Rfe8 16. Rc4 Rac8 17. Rxd4 Bf5 18. e4 Bg6 19. b3 c5 20. dxc6 bxc6
21. Qf4 Red8 22. Bf3 c5 23. Rd5 Qc7 24. Bg4 Rb8 25. Bf5 Bxf5 26. Qxf5 Qd7 27. Qxd7 Rxd7 28. Rc1 Rbd8 29. Kg2 Re7 30. Rcxc5 dxc5
31. Rxd8+ Kh7 32. Rc8 Rd7 33. Rxc5 Rxd3 34. Rc7 Rd2 35. Rxa7 f6 36. a4 Rb2 37. Rb7 Re2 38. a5
1-0

[Event "FAEIJ"]
[Site "SchemingMind.com"]
[Date "2021.05.02"]
[Round "-"]
[White "Phillip Beckett"]
[Black "Martin E. Hardwick"]
[Result "1-0"]
[WhiteCountry "ENG"]
[BlackCountry "ENG"]
[WhiteElo "1486"]
[WhiteRD "56"]
[BlackElo "1259"]
[BlackRD "68"]
[GameID "711178"]

1. e4 e5 2. Nf3 Nc6 3. d4 d6 4. dxe5 dxe5 5. Qxd8+ Kxd8 6. Bb5 Bd7 7. Be3 h6 8. Nc3 Bd6 9. O-O-O Nge7 10. Nd5 Nxd5
11. exd5 Nb8 12. Bxd7 Nxd7 13. c4 Be7 14. Kb1 f6 15. Rhe1 Rg8 16. Nh4 Bc5 17. Bxc5 Nxc5 18. d6 cxd6 19. Nf5 Ke8 20. Nxd6+ Kf8
21. Nf5 Kf7 22. Nd6+ Ke6 23. Ne4 Nxe4 24. Rxe4 Ke7 25. f4 Ke6 26. fxe5 fxe5 27. Rde1 Kd7 28. Rxe5 Kc6 29. Re7 Kc5 30. R1e5+ Kd4
31. b3 Rad8 32. Re4+ Kc3 33. Re3+ Rd3 34. Rxd3+ Kxd3 35. Rxb7 Kd4 36. Rxa7 Kc3 37. c5 Rd8 38. a4 Rd1+ 39. Ka2 Kb4 40. c6 Rd2+
41. Ka1 Kxb3 42. Rb7+ Ka3 43. Kb1 Rd1+ 44. Kc2 Rd8 45. c7 Rc8 46. Kc3 Ka2 47. a5 Ka3 48. a6 Ka4 49. a7
1-0